Ratchet lever hoist model PT.

Uložené v:
Podrobná bibliografia
Médium: Kniha
Jazyk:Slovak
English
Vydané: [2016].
Vydanie:1. vyd.
Témy:
On-line prístup:http://www.svx.sk
Fyzický popis: 1 l.
Tagy: Pridať tag
Žiadne tagy, Buďte prvý kto otaguje tento záznam!

MARC

LEADER 00000nam#a22000003a#4500
001 000499310
003 SVKKK
005 20160218140933.0
008 160218s2016 xo |||| 0 slo#d
040 |a SVKKK  |b slo  |c SVKKK  |e AACR2 
041 0 # |a eng 
044 |a xo  |c SK 
080 |a 621.866.1  |2 2001 
245 0 0 |a Ratchet lever hoist model PT. 
250 |a 1. vyd. 
260 # |c [2016]. 
300 |a 1 l. 
655 7 |a firemné prospekty  |2 SNKPH 
710 2 # |a SVX s. r. o.  |c Považská 2, 940 01 Nové Zámky  |4 dst 
856 4 1 |u http://www.svx.sk 
910 |a svkkk 
998 |a FL 
090 |g SCKHL  |k SK42  |a 621.866.1  |j 232192  |i 499310-10  |4 zastaraná  |s Vyradená